| Поле | Инд. | ПП | Название | Значение |
|---|---|---|---|---|
| Тип записи | a | |||
| Библиографический уровень | a | |||
| 001 | Контрольный номер | 32b93b8f38e24bb89c5734149d117193 | ||
| 005 | Дата корректировки | 20241212100032.5 | ||
| 020 | a | ISBN | 978-5-7995-1373-3 | |
| 041 | 0_ | a | Код языка текста | rus |
| 080 | a | Индекс УДК | 691.587 | |
| 097 | b | Оператор | *Плё* | |
| 100 | 1_ | a | Автор | Паньшин Д.С. |
| 245 | 10 | a | Заглавие | Эффективные теплоизоляционные сухие смеси для пенобетона |
| b | Продолж. заглавия | статья | ||
| p | Название части/ раздела | - Текст : электронный | ||
| 260 | a | Место издания | Тверь | |
| b | Издательство | ТвГТУ | ||
| 520 | 0_ | a | Аннотация | В данной работе проанализированы современные перспективы использования теплоизоляционных сухих смесей для пенобетона, а также приведены данные исследования об изменении свойств пенобетона в зависимости от его состава и добавок. |
| 653 | 0_ | a | Ключевые слова | Эффективные пенобетоны |
| a | Ключевые слова | Теплоизоляционные пенобетоны | ||
| a | Ключевые слова | Пенобетоны на различных вяжущих | ||
| 700 | 12 | a | Другие авторы | Смирнов М.А. |
| 700 | 12 | a | Другие авторы | Трофимов В.И. |
| 700 | 12 | a | Другие авторы | Белов В.В. |
| 773 | 18 | w | Контрольный № источника | b5f2281a861a4b79b61d0f71db93efb4 |
| t | Название источника | Инновации и моделирование в строительном материаловедении и строительстве | ||
| d | Место и дата издания | Тверь : ТвГТУ, 2024 | ||
| g | Прочая информация | С. 87-96 | ||
| 900 | a | Имя макрообъекта | 001-000164444-000000000-0000-0000-01 | |
| 901 | t | Тип документа | a | |
| 950 | a | Редактор записи | ст | |
| 951 | i | EL-ТГТУ? | да |